| 000 | 00497nam a22002057a 4500 | ||
|---|---|---|---|
| 005 | 20250213021026.0 | ||
| 008 | 250213b |||||||| |||| 00| 0 eng d | ||
| 082 |
_24075 _a305.401 _bBUN |
||
| 100 | _aBunch, C | ||
| 245 |
_aBringing the Global Home: _bFeminism in the 80s - Book III |
||
| 260 |
_aDenver _bAntelope Publications _c1985 |
||
| 300 | _a44 p., | ||
| 650 | _aFeminism | ||
| 650 | _a1980s | ||
| 650 | _aGlobal | ||
| 650 | _aWomen | ||
| 650 | _aRace | ||
| 650 | _aClass | ||
| 942 | _cL | ||
| 999 |
_c5977 _d5977 |
||